[Event "Heart of Finland 2015"]
[Site "Jyvaskyla"]
[Date "2015.07.13"]
[Round "1.15"]
[White "Torkkola Henri"]
[Black "Saveliev Aleksei"]
[Result "0-1"]
[WhiteElo "2119"]
[BlackElo "2294"]
[PlyCount "76"]
[EventDate "2015.??.??"]
[WhiteClock "0:01:42"]
[BlackClock "0:01:27"]

1. Nf3 Nf6 2. c4 c5 3. Nc3 Nc6 4. d4 cxd4 5. Nxd4 d6 6. e4 g6 7. Be2 Bg7 8. Be3
O-O 9. O-O a6 10. Qd2 Ng4 11. Bxg4 Bxg4 12. f3 Bd7 13. Rac1 Rc8 14. b3 Ne5 15.
Rfd1 f5 16. exf5 gxf5 17. Nd5 Nf7 18. Ne2 e6 19. Nb6 Rc6 20. Nxd7 Qxd7 21. f4
Qe7 22. Ng3 Qh4 23. Bf2 Qh6 24. Bd4 Rfc8 25. Rc3 Bxd4+ 26. Qxd4 b5 27. Re1 Kf8
28. Rce3 e5 29. fxe5 dxe5 30. Qd7 f4 31. Nf5 Qf6 32. Re4 R6c7 33. Qd5 Qxf5 34.
cxb5 Rc5 35. Qb7 axb5 36. a4 Nd6 37. Rxf4 Qxf4 38. Qxh7 Nf7 0-1

[Event "Heart of Finland 2015"]
[Site "Jyvaskyla"]
[Date "2015.07.13"]
[Round "1.17"]
[White "Alho Sauli"]
[Black "Reinwald Patrik"]
[Result "1/2-1/2"]
[WhiteElo "2112"]
[BlackElo "2247"]
[PlyCount "40"]
[EventDate "2015.??.??"]
[WhiteClock "0:45:24"]
[BlackClock "0:34:47"]

1. e4 e5 2. Nf3 Nc6 3. Bb5 a6 4. Ba4 Nf6 5. d3 b5 6. Bb3 Bc5 7. a4 Rb8 8. Nc3
h6 9. O-O d6 10. h3 O-O 11. Be3 Bxe3 12. fxe3 b4 13. Nd5 Nxd5 14. Bxd5 Ne7 15.
Bb3 Ng6 16. Qe1 Qe7 17. Qg3 Be6 18. Bxe6 Qxe6 19. Nh4 Nxh4 20. Qxh4 d5 1/2-1/2

[Event "Heart of Finland 2015"]
[Site "Jyvaskyla"]
[Date "2015.07.14"]
[Round "2.1"]
[White "Kulaots Kaido"]
[Black "Wallner Joachim"]
[Result "1-0"]
[WhiteElo "2574"]
[BlackElo "2345"]
[PlyCount "43"]
[EventDate "2015.??.??"]
[WhiteClock "0:24:51"]
[BlackClock "0:47:38"]

1. d4 d5 2. c4 c6 3. Nc3 Nf6 4. Nf3 a6 5. g3 dxc4 6. Bg2 c5 7. dxc5 Qxd1+ 8.
Nxd1 Nc6 9. Ne3 e6 10. Nxc4 Bxc5 11. O-O Bd7 12. Nfe5 Rc8 13. Nd3 Nd4 14. Bxb7
Nxe2+ 15. Kg2 Bc6+ 16. Bxc6+ Rxc6 17. Rd1 Bd4 18. Na5 Rc2 19. Nb4 Rxc1 20.
Raxc1 Nxc1 21. Rxd4 O-O 22. Rd1 1-0

[Event "Heart of Finland 2015"]
[Site "Jyvaskyla"]
[Date "2015.07.14"]
[Round "2.2"]
[White "Lobanov Sergei"]
[Black "Alekseenko Kirill"]
[Result "0-1"]
[WhiteElo "2342"]
[BlackElo "2513"]
[PlyCount "84"]
[EventDate "2015.??.??"]
[WhiteClock "0:29:11"]
[BlackClock "0:49:13"]

1. e4 e5 2. Nf3 Nc6 3. Bb5 a6 4. Ba4 Nf6 5. O-O Be7 6. Re1 b5 7. Bb3 d6 8. c3
O-O 9. h3 Nb8 10. d4 Nbd7 11. Nbd2 Bb7 12. Bc2 Re8 13. Nf1 Bf8 14. Ng3 g6 15.
a4 c5 16. d5 c4 17. Be3 Nc5 18. Qe2 Nfd7 19. Ra3 Nb6 20. axb5 axb5 21. Rea1
Rxa3 22. Rxa3 Bc8 23. Nd2 Bd7 24. b3 cxb3 25. Nxb3 Nc4 26. Ra7 Na4 27. Qf3 Nxe3
28. Qxe3 Be7 29. Ne2 Qc8 30. Nd2 Nc5 31. Nb3 Qb8 32. Ra1 Rc8 33. Nxc5 Rxc5 34.
Bd3 Kg7 35. Qd2 Bd8 36. Qa2 Bb6 37. Rb1 Qd8 38. Qa6 Rc8 39. Qa2 Qg5 40. Kh2
Bxf2 41. Bxb5 Bxb5 42. Rxb5 Rxc3 0-1

[Event "Heart of Finland 2015"]
[Site "Jyvaskyla"]
[Date "2015.07.14"]
[Round "2.3"]
[White "Agopov Mikael"]
[Black "Koykka Pekka"]
[Result "1/2-1/2"]
[WhiteElo "2458"]
[BlackElo "2303"]
[PlyCount "82"]
[EventDate "2015.??.??"]

1. e4 e6 2. d4 d5 3. Nd2 c5 4. Ngf3 cxd4 5. Nxd4 Nf6 6. e5 Nfd7 7. N2f3 Nc6 8.
Bf4 Qb6 9. Nb3 Qc7 10. Bb5 a6 11. Bxc6 bxc6 12. O-O c5 13. c4 d4 14. Ng5 Bb7
15. Re1 a5 16. Qg4 Bc6 17. Nd2 h6 18. Nge4 O-O-O 19. Qh3 Be7 20. Nd6+ Bxd6 21.
exd6 Qb6 22. Nf3 Rhe8 23. b4 axb4 24. a3 f5 25. Ne5 Nxe5 26. Bxe5 b3 27. a4 b2
28. Rab1 Be4 29. Qa3 Bxb1 30. Rxb1 Rxd6 31. Bxd6 Qxd6 32. Qxb2 Kd7 33. a5 Rc8
34. g3 e5 35. Qb7+ Rc7 36. Qa8 Ke7 37. a6 d3 38. a7 d2 39. Qb8 d1=Q+ 40. Rxd1
Qxd1+ 41. Kg2 Rxa7 1/2-1/2

[Event "Heart of Finland 2015"]
[Site "Jyvaskyla"]
[Date "2015.07.14"]
[Round "2.4"]
[White "Saveliev Aleksei"]
[Black "Sklyarov Dmitry"]
[Result "0-1"]
[WhiteElo "2294"]
[BlackElo "2436"]
[PlyCount "76"]
[EventDate "2015.??.??"]
[WhiteClock "0:00:41"]
[BlackClock "0:09:11"]

1. e4 g6 2. d4 Bg7 3. Nc3 d6 4. Nf3 a6 5. Be3 b5 6. Qd2 Bb7 7. Bd3 Nd7 8. a4 b4
9. Ne2 c5 10. c3 bxc3 11. bxc3 Qc7 12. h3 Ngf6 13. Ng3 O-O 14. O-O c4 15. Bc2
e5 16. Bh6 Rfe8 17. Rfe1 Bh8 18. Rab1 Rab8 19. dxe5 Nxe5 20. Nxe5 dxe5 21. Qe3
Bc8 22. Rxb8 Qxb8 23. Rb1 Qa8 24. a5 Bd7 25. Rb6 Bb5 26. Rd6 Nd7 27. Bd1 Qb8
28. Qd2 Nc5 29. Qd5 Nd3 30. Rb6 Qd8 31. Qxd8 Rxd8 32. Bg4 Nc5 33. Bg5 Re8 34.
Bd1 Bg7 35. Be3 Bf8 36. f3 Rd8 37. Bc2 Nb3 38. Bg5 Bc5+ 0-1

[Event "Heart of Finland 2015"]
[Site "Jyvaskyla"]
[Date "2015.07.14"]
[Round "2.5"]
[White "Viljava Tapani"]
[Black "Kiik Kalle"]
[Result "0-1"]
[WhiteElo "2176"]
[BlackElo "2374"]
[PlyCount "30"]
[EventDate "2015.??.??"]
[WhiteClock "0:23:09"]
[BlackClock "1:07:40"]

1. c4 e5 2. Nc3 Nc6 3. g3 Nf6 4. Bg2 Bc5 5. e3 d5 6. Nxd5 Nxd5 7. cxd5 Nb4 8.
a3 Nd3+ 9. Ke2 Bg4+ 10. f3 Qxd5 11. Qa4+ Bd7 12. e4 Qd6 13. Qc4 O-O-O 14. Nh3
Be6 15. Qc3 Qa6 0-1

[Event "Heart of Finland 2015"]
[Site "Jyvaskyla"]
[Date "2015.07.14"]
[Round "2.6"]
[White "Jacobsen Mikkel Manosri"]
[Black "Rantanen Yrjo"]
[Result "1-0"]
[WhiteElo "2370"]
[BlackElo "2293"]
[PlyCount "43"]
[EventDate "2015.??.??"]

1. Nf3 c5 2. b3 d5 3. e3 a6 4. Bb2 Nc6 5. d4 cxd4 6. exd4 Bg4 7. Nbd2 e6 8. a3
Nf6 9. Bd3 Bd6 10. O-O Qc7 11. Qe1 Nd7 12. h3 Bh5 13. c4 dxc4 14. bxc4 O-O 15.
Ng5 h6 16. Nge4 Be7 17. Ng3 Qa5 18. d5 exd5 19. cxd5 Qxd5 20. Be4 Qg5 21. Nxh5
Qxh5 22. Bxc6 1-0

[Event "Heart of Finland 2015"]
[Site "Jyvaskyla"]
[Date "2015.07.14"]
[Round "2.7"]
[White "Moiseenko Vadim"]
[Black "Anttila Perttu"]
[Result "1-0"]
[WhiteElo "2494"]
[BlackElo "2161"]
[PlyCount "85"]
[EventDate "2015.??.??"]
[WhiteClock "1:05:35"]
[BlackClock "0:54:08"]

1. e4 e6 2. d4 d5 3. Nd2 h6 4. c3 c5 5. Ngf3 Nc6 6. Bd3 cxd4 7. cxd4 dxe4 8.
Nxe4 Bb4+ 9. Nc3 Nf6 10. O-O O-O 11. Bc2 Qa5 12. Qd3 Rd8 13. Ne4 Be7 14. a3 Qf5
15. Re1 Nxe4 16. Rxe4 e5 17. Qe2 Qh5 18. dxe5 Bf5 19. e6 fxe6 20. Rxe6 Bxe6 21.
Qxe6+ Qf7 22. Qe3 Kh8 23. Qe4 g5 24. h4 Re8 25. Bd2 Bf6 26. Qf5 Ne7 27. Qh3
gxh4 28. Bxh6 Qc4 29. Rc1 Bxb2 30. Nxh4 Bxc1 31. Bxc1 Qxc2 32. Nf5+ Kg8 33.
Qg4+ Kf7 34. Qg7+ Ke6 35. Nd4+ Kd7 36. Nxc2 Rac8 37. Qd4+ Ke6 38. Bb2 Nc6 39.
Qf6+ Kd7 40. Ne3 Kc7 41. Nd5+ Kd7 42. g4 Re6 43. Qf5 1-0

[Event "Heart of Finland 2015"]
[Site "Jyvaskyla"]
[Date "2015.07.14"]
[Round "2.8"]
[White "Franssila Tommi"]
[Black "Solozhenkin EvgenY"]
[Result "0-1"]
[WhiteElo "2198"]
[BlackElo "2464"]
[PlyCount "102"]
[EventDate "2015.??.??"]
[WhiteClock "0:05:37"]
[BlackClock "0:19:03"]

1. e4 c5 2. c3 d5 3. exd5 Qxd5 4. d4 Nc6 5. Nf3 Bf5 6. Na3 cxd4 7. Nb5 O-O-O 8.
cxd4 e5 9. Nc3 Bb4 10. Bd2 Bxc3 11. bxc3 Nf6 12. Be2 exd4 13. cxd4 Nxd4 14.
Nxd4 Qxd4 15. Qc1+ Kb8 16. Bc3 Qe4 17. O-O Qxe2 18. Qf4+ Ka8 19. Bxf6 gxf6 20.
Qxf5 Qe6 21. Qf3 Rhe8 22. Rfc1 a6 23. g3 Re7 24. Rc3 Rd5 25. Rac1 Ka7 26. Rc8
Red7 27. h4 Rd3 28. Qf4 Qe5 29. Qb4 Rd1+ 30. Kh2 R1d2 31. R1c2 Rxc2 32. Rxc2
Rd4 33. Qc5+ Qxc5 34. Rxc5 Rd2 35. Kg2 Rxa2 36. Rh5 a5 37. Rxh7 a4 38. Rxf7 Rc2
39. Rxf6 Rc6 40. Rf3 b5 41. h5 Rb6 42. Rf7+ Ka6 43. Rf8 b4 44. Rh8 b3 45. h6
Kb5 46. h7 Rb7 47. g4 Kb4 48. g5 b2 49. Re8 Rxh7 50. f4 Rb7 51. Re1 a3 0-1

[Event "Heart of Finland 2015"]
[Site "Jyvaskyla"]
[Date "2015.07.14"]
[Round "2.9"]
[White "Seeman Tarvo"]
[Black "Ronka Erik"]
[Result "0-1"]
[WhiteElo "2414"]
[BlackElo "2189"]
[PlyCount "146"]
[EventDate "2015.??.??"]
[WhiteClock "0:33:13"]
[BlackClock "0:08:28"]

1. e4 c6 2. c4 d5 3. cxd5 cxd5 4. exd5 Nf6 5. Nc3 Nxd5 6. Nf3 Nxc3 7. bxc3 g6
8. Bb5+ Bd7 9. a4 Bg7 10. O-O O-O 11. Re1 Nc6 12. Ba3 Re8 13. Qb3 Na5 14. Qa2
a6 15. Ng5 e6 16. Bxd7 Qxd7 17. Ne4 Red8 18. Bc5 Qc6 19. d4 b6 20. Be7 Rdc8 21.
Rab1 Nc4 22. Qe2 Ra7 23. Bf6 Nd6 24. Bxg7 Nxe4 25. Qxe4 Qxe4 26. Rxe4 Kxg7 27.
Rxb6 Rxc3 28. g3 Rc4 29. a5 Ra4 30. Re5 Rxd4 31. Rc5 Ra4 32. h4 Ra2 33. Rb3 Rd7
34. Rf3 h5 35. Kg2 Ra4 36. Kh2 Ra2 37. Kg2 Ra4 38. Kh2 Rb7 39. Kg2 Ra2 40. Rf4
Ra3 41. Kh2 Rb5 42. Rc7 Rf5 43. Rxf5 exf5 44. Rc5 Kf8 45. Kg2 Ke7 46. f4 Kd6
47. Re5 Rb3 48. Kf2 Rb5 49. Re8 Rxa5 50. Rf8 Ra2+ 51. Ke3 Ke6 52. Re8+ Kd7 53.
Rf8 Ke7 54. Ra8 a5 55. Ra7+ Kf6 56. Ra6+ Kg7 57. Kf3 a4 58. Ke3 a3 59. Kf3 Ra1
60. Kg2 Kf8 61. Ra7 Ke8 62. Kf2 Kd8 63. Kg2 Kc8 64. Rxf7 Kb8 65. Rf8+ Kb7 66.
Rf7+ Kb6 67. Rf8 Kb5 68. Rg8 Rc1 69. Rb8+ Ka4 70. Ra8+ Kb3 71. Rb8+ Ka2 72. Rb6
Rc3 73. Rxg6 Kb2 0-1

[Event "Heart of Finland 2015"]
[Site "Jyvaskyla"]
[Date "2015.07.14"]
[Round "2.10"]
[White "Reinwald Patrick"]
[Black "Chernyak Viktoria"]
[Result "1/2-1/2"]
[WhiteElo "2247"]
[BlackElo "2136"]
[PlyCount "37"]
[EventDate "2015.??.??"]
[WhiteClock "0:20:07"]
[BlackClock "1:00:20"]

1. e4 c5 2. d4 g6 3. dxc5 Bg7 4. c3 Qc7 5. Be3 Na6 6. Bxa6 bxa6 7. Nd2 Bb7 8.
Ne2 Nf6 9. f3 h5 10. b4 O-O 11. O-O Rac8 12. Bf4 d6 13. cxd6 exd6 14. Qb3 Qb6+
15. Kh1 d5 16. c4 dxe4 17. c5 Qd8 18. Rad1 Bd5 19. Nc4 1/2-1/2

[Event "Heart of Finland 2015"]
[Site "Jyvaskyla"]
[Date "2015.07.14"]
[Round "2.11"]
[White "Vager Boris"]
[Black "Mertanen Janne"]
[Result "0-1"]
[WhiteElo "2120"]
[BlackElo "2228"]
[PlyCount "102"]
[EventDate "2015.??.??"]
[WhiteClock "0:28:18"]
[BlackClock "0:23:33"]

1. d4 Nf6 2. Nf3 c5 3. c3 e6 4. Bf4 Nc6 5. e3 d5 6. Nbd2 Bd6 7. Bxd6 Qxd6 8.
Be2 O-O 9. O-O Rd8 10. h3 e5 11. dxe5 Nxe5 12. Nxe5 Qxe5 13. Nf3 Qe7 14. Re1 h6
15. Qa4 Be6 16. Qh4 Rd6 17. Bd3 Re8 18. Rad1 Rb6 19. Re2 Kf8 20. a3 Rd6 21. Bc2
Red8 22. Red2 Ne8 23. Qxe7+ Kxe7 24. Kf1 Nf6 25. Ke1 Rb6 26. Bb1 Bd7 27. Rc1
Ba4 28. b4 Rc8 29. bxc5 Rxc5 30. Rd4 Rxc3 31. Kd2 Rxc1 32. Kxc1 Bd7 33. Bd3 Rb3
34. a4 Ra3 35. Bc2 Rc3 36. Kb2 Rc5 37. Ne5 Be6 38. Nd3 Rc4 39. Bb3 Rxd4 40.
exd4 Ne4 41. f3 Nd2 42. Ba2 g5 43. Kc3 Nf1 44. Nb4 Ne3 45. g3 Kd6 46. Kd3 Nc4
47. Bxc4 dxc4+ 48. Kc3 Bxh3 49. Kxc4 Bg2 50. f4 gxf4 51. gxf4 Be4 0-1

[Event "Heart of Finland 2015"]
[Site "Jyvaskyla"]
[Date "2015.07.14"]
[Round "2.12"]
[White "Ebeling Mika"]
[Black "Alho Sauli"]
[Result "1/2-1/2"]
[WhiteElo "2227"]
[BlackElo "2112"]
[PlyCount "48"]
[EventDate "2015.??.??"]

1. e4 c5 2. Nf3 Nc6 3. Nc3 g6 4. d4 cxd4 5. Nxd4 Bg7 6. Be3 Nf6 7. Be2 O-O 8.
O-O d5 9. exd5 Nxd5 10. Nxd5 Nxd4 11. Bxd4 Qxd5 12. Bxg7 Qxd1 13. Rfxd1 Kxg7
14. Bf3 Bf5 15. Rd2 Rad8 16. Rad1 Rxd2 17. Rxd2 b6 18. h3 Rc8 19. c3 Be6 20. a3
Rc7 21. Kf1 Bc4+ 22. Be2 Bb3 23. Ke1 Kf6 24. Rd8 e5 1/2-1/2

[Event "Heart of Finland 2015"]
[Site "Jyvaskyla"]
[Date "2015.07.14"]
[Round "2.13"]
[White "Luukkonen Tommi"]
[Black "Arpalahti Antti"]
[Result "1-0"]
[WhiteElo "2348"]
[BlackElo "2112"]
[PlyCount "95"]
[EventDate "2015.??.??"]
[WhiteClock "1:11:40"]
[BlackClock "0:14:48"]

1. d4 d5 2. c4 c6 3. Nf3 Nf6 4. e3 Bf5 5. Nc3 e6 6. Nh4 Bg6 7. Be2 Nbd7 8. Qb3
Qb6 9. Nxg6 hxg6 10. Qc2 Qc7 11. g3 Bb4 12. O-O Bxc3 13. bxc3 Ne4 14. Bd3 Nd6
15. c5 Nc4 16. e4 O-O-O 17. exd5 exd5 18. Bf4 Qa5 19. Rfe1 Rde8 20. a4 Nf6 21.
h4 Rxe1+ 22. Rxe1 Qd8 23. Bf1 Qd7 24. Qb3 Re8 25. Rb1 Nh5 26. Bg5 f6 27. Bh3 f5
28. Bf1 Qf7 29. a5 a6 30. Qd1 Kb8 31. Bxc4 dxc4 32. d5 Qxd5 33. Qxd5 cxd5 34.
c6 Kc7 35. Rxb7+ Kxc6 36. Rb6+ Kd7 37. Rxa6 Re2 38. Be3 Ra2 39. Rxg6 Rxa5 40.
Rg5 Nf6 41. Rxg7+ Ke6 42. Bd4 Ne8 43. Rg6+ Kf7 44. Rg5 Nd6 45. h5 f4 46. h6 Ne4
47. Rg7+ Ke6 48. h7 1-0

[Event "Heart of Finland 2015"]
[Site "Jyvaskyla"]
[Date "2015.07.14"]
[Round "2.14"]
[White "Meskanen Vesa"]
[Black "Tiitta Sauli"]
[Result "0-1"]
[WhiteElo "2071"]
[BlackElo "2245"]
[PlyCount "68"]
[EventDate "2015.??.??"]
[WhiteClock "0:07:16"]
[BlackClock "0:13:59"]

1. d4 h6 2. Nf3 g5 3. e4 d6 4. Bc4 g4 5. Nh4 c6 6. O-O d5 7. exd5 cxd5 8. Be2
e6 9. g3 Be7 10. Ng2 h5 11. c3 Nc6 12. b4 Bd7 13. a4 Nh6 14. Bf4 Nf5 15. Bd3
Nd6 16. Re1 Kf8 17. Qc1 f5 18. Nd2 Rc8 19. Qd1 Ne4 20. Rc1 Ng5 21. b5 Na5 22.
Be5 Nh3+ 23. Kf1 Rh6 24. c4 dxc4 25. Nxc4 Bg5 26. Rc2 Nxc4 27. Bxc4 Be7 28. Qd2
Ng5 29. Rd1 Rh7 30. Bd3 Nf3 31. Qe2 Nxh2+ 32. Kg1 Nf3+ 33. Kf1 h4 34. Nf4 hxg3
0-1

[Event "Heart of Finland 2015"]
[Site "Jyvaskyla"]
[Date "2015.07.14"]
[Round "2.15"]
[White "Nevanlinna Risto"]
[Black "Kilpela Panu"]
[Result "1/2-1/2"]
[WhiteElo "2244"]
[BlackElo "2112"]
[PlyCount "154"]
[EventDate "2015.??.??"]
[WhiteClock "0:01:36"]
[BlackClock "0:00:59"]

1. e4 e6 2. d4 d5 3. Nc3 dxe4 4. Nxe4 Qd5 5. Bd3 Bd7 6. Nf3 Bb5 7. Nc3 Bb4 8.
O-O Bxc3 9. bxc3 Nc6 10. Re1 Bxd3 11. Qxd3 O-O-O 12. Bf4 Nge7 13. Rab1 Qf5 14.
Qd2 f6 15. Bg3 Rhe8 16. Qe2 Nd5 17. Rb3 Na5 18. Ra3 Nb6 19. Ne5 Rd5 20. c4 Rxd4
21. Rxa5 fxe5 22. Rxe5 Qf7 23. Rc5 e5 24. Rxe5 Rxe5 25. Qxe5 Rxc4 26. Qa5 Qd7
27. h3 Rd4 28. Qh5 g6 29. Qf3 Qd8 30. Qf7 Rd7 31. Qe6 Kb8 32. Kh2 Rd1 33. Rxd1
Qxd1 34. Qg8+ Nc8 35. Qxh7 Qxc2 36. h4 Qc6 37. Be5 b5 38. g4 Nb6 39. h5 gxh5
40. gxh5 Nd7 41. Bg3 Nf6 42. Qf5 Ne4 43. Qg6 Qd5 44. Qe8+ Kb7 45. Qe5 Qc6 46.
Qf4 Nf6 47. h6 Nh7 48. f3 Ka6 49. Bf2 Qg6 50. a4 c6 51. axb5+ Kxb5 52. Qe5+ Kc4
53. Qd4+ Kb3 54. Qg7 Qh5+ 55. Kg1 Ng5 56. Qb7+ Ka2 57. Qxa7+ Kb3 58. Qb6+ Ka2
59. Qa5+ Kb3 60. Qb6+ Ka2 61. Qa6+ Kb3 62. Qd3+ Kb4 63. Qb1+ Kc4 64. Qc2+ Kb4
65. Be1+ Kb5 66. Qf5+ Ka6 67. Qc8+ Kb5 68. Qb7+ Kc5 69. Bf2+ Kd5 70. Qd7+ Ke5
71. Bg3+ Kf6 72. Qxc6+ Ne6 73. Qc3+ Kg6 74. Qe3 Qf5 75. Be5 Qg5+ 76. Kf2 Kxh6
77. f4 Qf5 1/2-1/2

[Event "Heart of Finland 2015"]
[Site "Jyvaskyla"]
[Date "2015.07.14"]
[Round "2.16"]
[White "Froewis Annika"]
[Black "Pershin Denis"]
[Result "1/2-1/2"]
[WhiteElo "2066"]
[BlackElo "2222"]
[PlyCount "120"]
[EventDate "2015.??.??"]
[WhiteClock "0:03:44"]
[BlackClock "0:09:38"]

1. e4 c5 2. Nf3 Nc6 3. d4 cxd4 4. Nxd4 Nf6 5. Nc3 d6 6. f3 e5 7. Nb3 Be7 8. Be3
O-O 9. Qd2 Be6 10. Rd1 a5 11. Bb5 Na7 12. Be2 Nc6 13. Bb5 Qc8 14. Na4 Nd7 15.
O-O Na7 16. Bxd7 Qxd7 17. Nb6 Qc6 18. Nxa8 Rxa8 19. Qxa5 Bd8 20. Qb4 Nc8 21. a3
Qxc2 22. Nd2 Qd3 23. Rfe1 Qa6 24. Nb3 Be7 25. Rc1 b5 26. Rc7 Bd8 27. Rc2 Qb7
28. Rd1 h6 29. Kh1 Kh7 30. Qc3 Qe7 31. Nc1 Bc4 32. Nd3 Nb6 33. Nb4 Na4 34. Qd2
Bb3 35. Qxd6 Qxd6 36. Rxd6 Bxc2 37. Nxc2 Nxb2 38. Rd5 Nc4 39. Bc1 Rc8 40. Rxb5
Nxa3 41. Bxa3 Rxc2 42. Kg1 Bg5 43. Rb3 Bh4 44. g3 Bg5 45. Bd6 Rc1+ 46. Kg2 Rc2+
47. Kg1 f6 48. f4 exf4 49. gxf4 Bh4 50. e5 fxe5 51. Bxe5 Bf6 52. Bd6 Kg6 53.
Rb5 h5 54. Rd5 h4 55. Be5 Bxe5 56. Rxe5 Kh6 57. Rg5 g6 58. Rg4 Kh5 59. Rg5+ Kh6
60. Rg4 Kh5 1/2-1/2

[Event "Heart of Finland 2015"]
[Site "Jyvaskyla"]
[Date "2015.07.14"]
[Round "2.17"]
[White "Annenkov Kirill"]
[Black "Bottema Martin"]
[Result "1/2-1/2"]
[WhiteElo "2210"]
[BlackElo "2093"]
[PlyCount "72"]
[EventDate "2015.??.??"]
[WhiteClock "0:28:16"]
[BlackClock "0:09:20"]

1. d4 Nf6 2. c4 e6 3. g3 Bb4+ 4. Nd2 c5 5. Ngf3 cxd4 6. Nxd4 Nc6 7. Nc2 Be7 8.
Bg2 O-O 9. O-O b6 10. b3 Bb7 11. Bb2 Qc7 12. e4 d6 13. Qe2 Rac8 14. f4 a6 15.
Ne3 Rfe8 16. g4 Qb8 17. g5 Nd7 18. h4 Qa7 19. a4 Nb4 20. f5 Bf8 21. f6 g6 22.
h5 b5 23. hxg6 hxg6 24. Rf3 Nc2 25. Kh1 Nd4 26. Bxd4 Qxd4 27. Raf1 Qe5 28. Qf2
Qxg5 29. Rg3 Qh4+ 30. Kg1 Ne5 31. Nf3 Qf4 32. Nxe5 dxe5 33. Qe1 Bb4 34. Qf2 Bc5
35. Qe1 Bb4 36. Qf2 Bc5 1/2-1/2

[Event "Heart of Finland 2015"]
[Site "Jyvaskyla"]
[Date "2015.07.14"]
[Round "3.1"]
[White "Keinanen Toivo"]
[Black "Kulaots Kaido"]
[Result "0-1"]
[WhiteElo "2085"]
[BlackElo "2574"]
[PlyCount "80"]
[EventDate "2015.??.??"]
[WhiteClock "0:33:59"]
[BlackClock "0:40:07"]

1. c4 e5 2. g3 Nf6 3. Bg2 Nc6 4. Nc3 g6 5. Nf3 Bg7 6. O-O O-O 7. d3 d6 8. Bg5
h6 9. Bxf6 Qxf6 10. Rb1 Qd8 11. b4 Be6 12. Nd2 Qd7 13. Re1 Bh3 14. Bxh3 Qxh3
15. Nd5 Qd7 16. e3 Nd8 17. b5 Ne6 18. Nb3 f5 19. Na5 Rab8 20. Qf3 e4 21. Qg2
Ng5 22. Red1 Kh7 23. Nf4 a6 24. a4 axb5 25. axb5 Ra8 26. Nb3 Ra2 27. d4 Nf3+
28. Kh1 c6 29. bxc6 bxc6 30. d5 c5 31. Ne6 Rfa8 32. Rdc1 Qf7 33. Nbxc5 dxc5 34.
Nxc5 Rb2 35. Rxb2 Bxb2 36. Rb1 Qc7 37. Ne6 Qxc4 38. g4 Ra1 39. Rxa1 Bxa1 40.
Qg3 Qf1+ 0-1

[Event "Heart of Finland 2015"]
[Site "Jyvaskyla"]
[Date "2015.07.14"]
[Round "3.2"]
[White "Alekseenko Kirill"]
[Black "Virtanen Teemu"]
[Result "1-0"]
[WhiteElo "2513"]
[BlackElo "2028"]
[PlyCount "53"]
[EventDate "2015.??.??"]
[WhiteClock "0:47:13"]
[BlackClock "0:17:28"]

1. e4 d6 2. d4 Nf6 3. Nc3 e5 4. Nf3 Nbd7 5. Bc4 Be7 6. O-O O-O 7. Re1 c6 8. a4
a5 9. h3 Qc7 10. Ba2 h6 11. Nh4 exd4 12. Qxd4 Nc5 13. Ng6 Rd8 14. Bf4 Ne6 15.
Bxe6 Bxe6 16. Nxe7+ Qxe7 17. Rad1 d5 18. Be5 Ne8 19. exd5 Bxd5 20. Qb6 Ra6 21.
Qe3 Be6 22. Rxd8 Qxd8 23. Ne4 b6 24. Qg3 f6 25. Bf4 Kf7 26. Qe3 Ra7 27. Nd6+
1-0

[Event "Heart of Finland 2015"]
[Site "Jyvaskyla"]
[Date "2015.07.14"]
[Round "3.3"]
[White "Sklyarov Dmitry"]
[Black "Vilppolainen Markku"]
[Result "1-0"]
[WhiteElo "2436"]
[BlackElo "1968"]
[PlyCount "47"]
[EventDate "2015.??.??"]

1. b3 e5 2. Bb2 d6 3. e3 g6 4. f4 Bg7 5. Nf3 Nd7 6. Bc4 Nh6 7. fxe5 Nxe5 8.
Nxe5 dxe5 9. O-O c6 10. Nc3 f5 11. a4 Qc7 12. b4 e4 13. h3 Rf8 14. d3 f4 15.
dxe4 fxe3 16. Nb5 Rxf1+ 17. Qxf1 Qe7 18. Nd6+ Kd8 19. Rd1 Bd7 20. Nxb7+ Kc7 21.
Bxg7 Qxg7 22. Nc5 Rf8 23. Rxd7+ Qxd7 24. Qxf8 1-0

[Event "Heart of Finland 2015"]
[Site "Jyvaskyla"]
[Date "2015.07.14"]
[Round "3.4"]
[White "Kiik Kalle"]
[Black "Vorobova Valeriya"]
[Result "1-0"]
[WhiteElo "2374"]
[BlackElo "1835"]
[PlyCount "63"]
[EventDate "2015.??.??"]
[WhiteClock "0:49:46"]
[BlackClock "0:07:15"]

1. Nf3 Nf6 2. g3 g6 3. b3 Bg7 4. Bb2 O-O 5. Bg2 d5 6. O-O Nbd7 7. c4 e6 8. d3
b6 9. Nbd2 Bb7 10. e3 Nc5 11. Ba3 Re8 12. Bxc5 bxc5 13. Qe2 c6 14. Rac1 Rc8 15.
e4 Nd7 16. e5 f6 17. exf6 Qxf6 18. Rce1 Nb8 19. Ne5 Na6 20. f4 Nb4 21. Ndf3
Rcd8 22. a3 Na6 23. h4 Nc7 24. Qf2 Qf8 25. Bh3 d4 26. Bg4 Re7 27. h5 gxh5 28.
Bxh5 Qf6 29. Ng5 Rf8 30. Qh2 Bh6 31. Ng4 Qg7 32. Bf7+ 1-0

[Event "Heart of Finland 2015"]
[Site "Jyvaskyla"]
[Date "2015.07.14"]
[Round "3.5"]
[White "Katajainen Kimmo"]
[Black "Jacobsen Mikkel Manosri"]
[Result "1/2-1/2"]
[WhiteElo "1949"]
[BlackElo "2370"]
[PlyCount "64"]
[EventDate "2015.??.??"]
[WhiteClock "0:27:55"]
[BlackClock "0:39:34"]

1. Nf3 Nf6 2. d4 d5 3. g3 c6 4. Bg2 Bg4 5. O-O Nbd7 6. Nbd2 e6 7. c4 Bd6 8.
cxd5 exd5 9. Re1 O-O 10. e4 dxe4 11. Nxe4 Nxe4 12. Rxe4 Nf6 13. Bg5 Be6 14. Rh4
h6 15. Bxh6 gxh6 16. Rxh6 Kg7 17. Qd2 Ng4 18. Rh5 Rh8 19. Rg5+ Kf8 20. Re1 Nf6
21. Rxe6 fxe6 22. Rg6 Qe7 23. Qg5 Ne8 24. Qg4 Ng7 25. Ng5 Re8 26. Bh3 Qd7 27.
Qf3+ Kg8 28. Bxe6+ Rxe6 29. Nxe6 Rh7 30. Qf6 Qe7 31. Nxg7 Qe1+ 32. Kg2 Qe4+
1/2-1/2

[Event "Heart of Finland 2015"]
[Site "Jyvaskyla"]
[Date "2015.07.14"]
[Round "3.6"]
[White "Solozhenkin Evgeny"]
[Black "Shakirova Renata"]
[Result "1-0"]
[WhiteElo "2464"]
[BlackElo "1809"]
[PlyCount "71"]
[EventDate "2015.??.??"]

1. d4 Nf6 2. c4 e6 3. Nf3 b6 4. g3 Bb7 5. Bg2 d5 6. cxd5 exd5 7. O-O Be7 8.
Qa4+ c6 9. Nc3 O-O 10. Rd1 Nbd7 11. Bf4 Nh5 12. Bd2 f5 13. b4 f4 14. Qb3 fxg3
15. hxg3 Kh8 16. a4 Nhf6 17. a5 bxa5 18. Rxa5 Bd6 19. Ra2 a6 20. e4 Nxe4 21.
Nxe4 dxe4 22. Ng5 Qe7 23. Nxe4 Bc7 24. Re1 Rae8 25. Nc5 Nxc5 26. bxc5 Qf6 27.
Rxe8 Qxf2+ 28. Kh2 Rxe8 29. Bf4 Qxd4 30. Qf7 Rc8 31. Bxc7 Qxc5 32. Re2 Qf8 33.
Qd7 h6 34. Re7 Rxc7 35. Qxc7 Qc8 36. Qe5 1-0

[Event "Heart of Finland 2015"]
[Site "Jyvaskyla"]
[Date "2015.07.14"]
[Round "3.7"]
[White "Seppala Aki"]
[Black "Moiseenko Vadim"]
[Result "0-1"]
[WhiteElo "2010"]
[BlackElo "2494"]
[PlyCount "89"]
[EventDate "2015.??.??"]
[WhiteClock "0:00:56"]
[BlackClock "0:22:21"]

1. e4 e5 2. Nf3 Nc6 3. d4 exd4 4. Bc4 Nf6 5. e5 d5 6. Bb5 Ne4 7. Nxd4 Bd7 8.
Bxc6 bxc6 9. O-O Bc5 10. f3 Ng5 11. Be3 Ne6 12. c3 Bb6 13. f4 g6 14. Nd2 c5 15.
Nxe6 Bxe6 16. Nf3 Qd7 17. Bf2 h6 18. Qd2 Bg4 19. Bh4 d4 20. e6 Bxe6 21. Bf6 Rg8
22. cxd4 cxd4 23. Nxd4 c5 24. Nf3 Qxd2 25. Nxd2 Kd7 26. Nf3 Kc6 27. Ne5+ Kb7
28. Rfe1 Rac8 29. a3 g5 30. f5 Bb3 31. Rac1 Rge8 32. Kf1 Ka6 33. Re3 c4 34. Rh3
Bd4 35. Rxh6 Bxb2 36. Rb1 c3 37. Nxf7 Rc6 38. Bxg5 Rxh6 39. Nxh6 Bc4+ 40. Kf2
Kb5 41. f6 Ka4 42. g4 Bxa3 43. Be3 c2 44. Ra1 Rxe3 45. Kxe3 0-1

[Event "Heart of Finland 2015"]
[Site "Jyvaskyla"]
[Date "2015.07.14"]
[Round "3.8"]
[White "Nisula Timo"]
[Black "Agopov Mikael"]
[Result "0-1"]
[WhiteElo "1934"]
[BlackElo "2458"]
[PlyCount "62"]
[EventDate "2015.??.??"]
[WhiteClock "0:38:24"]
[BlackClock "0:56:05"]

1. e4 c5 2. Nf3 d6 3. d4 cxd4 4. Qxd4 Nc6 5. Bb5 Bd7 6. Bxc6 Bxc6 7. Nc3 Nf6 8.
Bg5 e6 9. O-O-O Be7 10. Rhe1 O-O 11. e5 dxe5 12. Qh4 Qc7 13. Nxe5 Rfd8 14. Ng4
Nxg4 15. Bxe7 Qf4+ 16. Kb1 Rxd1+ 17. Rxd1 Qf5 18. h3 Ne5 19. Qg3 Ng6 20. Bg5 h5
21. f3 Rc8 22. Rd8+ Rxd8 23. Bxd8 Qc5 24. Bg5 h4 25. Qg4 f5 26. Qh5 Qg1+ 27.
Bc1 Qxg2 28. Qg5 Bxf3 29. Qd8+ Kh7 30. Qd7 Qxh3 31. Qxe6 Qg4 0-1